000 00515nam a2200145 i 4500
001 26017
003 ES-MaACL
007 t|
008 030107m19291931ag ||||1| spa d
100 1 _aArenaza, Carlos de.
_922609
245 1 0 _aMenores abandonados y delicuentes
_b: legislación e instituciones en Europa y América, Inglaterra-Holanda, Alemania-Austria y Hungria /
_cCarlos de Arenaza.
260 _aBuenos Aires :
_bLa Facultad,
_c1929-1931.
300 _a2 v. :
_bil. ;
_c28 cm.
852 _aES-MaACL
_jC-7084-85
999 _c26017
_d26017